Independencia judicial y estado constitucional: el gobierno judicial

محفوظ في:
التفاصيل البيبلوغرافية
المؤلف الرئيسي: Aguiar de Luque, Luis (مؤلف)
التنسيق: كتاب
اللغة:الإسبانية
منشور في: Valencia Tirant lo Blanch 2016
سلاسل:Monografías, 988
الموضوعات:
الوسوم: إضافة وسم
لا توجد وسوم, كن أول من يضع وسما على هذه التسجيلة!

MARC

LEADER 00000cam a2200000 a 4500
001 UCC9181
003 CL-VaPUC
008 190914e20160000sp |||||||||||||||||spa|d
020 |a 9788490866566 
082 0 4 |a 342.46  |b AGU  |2 21 
100 0 |a Aguiar de Luque, Luis  |e author  |9 604090 
245 1 0 |a Independencia judicial y estado constitucional: el gobierno judicial 
300 |a 249 p 
942 |c BK 
945 |d 20190914 23:07:00  |a cmena 
260 |a Valencia  |b Tirant lo Blanch  |c 2016 
650 7 |a DERECHO CONSTITUCIONAL ESPAÑOL  |2 CL-VaPUC  |9 435214 
650 0 |a Poderes del estado  |9 377457 
650 0 |a Poder judicial  |9 254871 
650 0 |a Reforma constitucional  |9 332804 
583 |a last modification  |c 20190914 23:07:00  |k Rodrigo Vera 
490 0 |a Monografías, 988 
999 |c 375375  |d 375373 
952 |0 0  |1 0  |3 erb  |4 0  |6 342_460000000000000_AGU_2016  |7 0  |8 WP_COW  |9 561316  |a BIBDER  |b BIBDER  |e Fundación W and P Cowley  |i 559930K  |l 3  |m 3  |o 342.46 AGU 2016  |p 559930K  |r 2024-10-21  |s 2024-10-03  |w 2020-03-12  |y BK  |z Catalogado en:20190914  |k WPC